| 000 | 01076nam0a22002771 4500 | ||
|---|---|---|---|
| 001 | rc\2813574 | ||
| 005 | 20250806210856.0 | ||
| 035 | _a(NLR Aleph) 006939374 | ||
| 090 |
_a38527 _c38527 |
||
| 100 | _a20110915d1945 u y0rusy50 ca | ||
| 101 | 0 | _arus | |
| 102 | _aRU | ||
| 105 | _ay j ||||| | ||
| 200 | 1 |
_aИстория древней русской литературы _eУчебник для высш. учеб. заведений _e[Утв. ВКВШ при СНК СССР] _fН. К. Гудзий |
|
| 205 | _a3-е изд., перераб. | ||
| 210 |
_aМосква _cУчпедгиз _d1945 _gтип. "Кр. пролетарий" |
||
| 215 |
_a511 с. _d23 см. |
||
| 320 | _aУказатели произведений и авторов, стр. 495-508 | ||
| 700 | 1 |
_aГудзий _bН.К. _f1887-1965 _gНиколай Каллинникович |
|
| 801 | 0 |
_aRU _bNLR _gpsbo |
|
| 801 | 1 |
_aRU _bELAR _2rusmarc |
|
| 852 |
_aNLR _jЛ20 Г-5/64 |
||
| 942 | _cBOOK | ||
| 945 | _aРоссийская национальная библиотека | ||
| 980 | _aNB | ||
| 980 | _aBV | ||